00241nam a2200085Ia 450000100070000000500170000700800410002424500660006526000240013173452020250826163835.0250824s9999 xx 000 0 und d 0aBIYIKLARINI KESEN ŞAŞKIN KEDİcŞEBNEM GÜLER KARACAN bYEDİVEREN ÇOCUK